Logo

Description automatically generated
विद्यार्जन
 संसाधन केंद्र, भारतीय प्रौद्योगिकी संस्थान इन्दौर
Learning Resource Center, Indian Institute of Technology Indore

ऑनलाइन सार्वजनिक अभिगम प्रसूची
Online Public Access Catalogue (OPAC)

Stock investing mastermind : beginners handbook to winning big in Stock Markets ! (Record no. 57275)

MARC details
000 -LEADER
fixed length control field 00620nam a2200217Ia 4500
005 - DATE AND TIME OF LATEST TRANSACTION
control field 20260629163253.0
008 - FIXED-LENGTH DATA ELEMENTS--GENERAL INFORMATION
fixed length control field 260629s9999||||xx |||||||||||||| ||und||
020 ## - INTERNATIONAL STANDARD BOOK NUMBER
International Standard Book Number 9788195895021
Qualifying information hb
082 ## - DEWEY DECIMAL CLASSIFICATION NUMBER
Classification number 332.6322
Item number SUN
100 ## - MAIN ENTRY--PERSONAL NAME
Personal name Sundarka, Anurag
245 #0 - TITLE STATEMENT
Title Stock investing mastermind : beginners handbook to winning big in Stock Markets !
260 ## - PUBLICATION, DISTRIBUTION, ETC.
Place of publication, distribution, etc. [Surat]
Name of publisher, distributor, etc. ZebraLearn
Date of publication, distribution, etc. 2022
300 ## - PHYSICAL DESCRIPTION
Extent 370p. ; 21cm.
653 ## - INDEX TERM--UNCONTROLLED
Uncontrolled term Investment analysis and strategy
653 ## - INDEX TERM--UNCONTROLLED
Uncontrolled term Investments
653 ## - INDEX TERM--UNCONTROLLED
Uncontrolled term Portfolio management
653 ## - INDEX TERM--UNCONTROLLED
Uncontrolled term Securities
653 ## - INDEX TERM--UNCONTROLLED
Uncontrolled term Stock exchanges
653 ## - INDEX TERM--UNCONTROLLED
Uncontrolled term Stocks
942 ## - ADDED ENTRY ELEMENTS (KOHA)
Koha item type Book
Holdings
Withdrawn status Lost status Damaged status Not for loan Home library Current library Shelving location Date acquired Source of acquisition Total Checkouts Full call number Barcode Date last seen Price effective from Koha item type
        LRC, IIT Indore LRC, IIT Indore 3rd Floor - General Stack 29/06/2026 Gratis Book Price: INR 2990.00   332.6322 SUN G2500 29/06/2026 29/06/2026 Book
Copyright © 2017-2026 Indian Institute of Technology Indore. All Rights Reserved.
Managed & maintained by Learning Resource Center, IIT Indore